<?xml version="1.0" encoding="UTF-8"?><?xml-stylesheet type="text/xsl" href="static/style.xsl"?><OAI-PMH xmlns="http://www.openarchives.org/OAI/2.0/" xmlns:xsi="http://www.w3.org/2001/XMLSchema-instance" xsi:schemaLocation="http://www.openarchives.org/OAI/2.0/ http://www.openarchives.org/OAI/2.0/OAI-PMH.xsd"><responseDate>2026-05-17T18:12:57Z</responseDate><request verb="GetRecord" identifier="oai:recam.amb.cat:20.500.14439/4847" metadataPrefix="marc">https://recam.amb.cat/rest/oai/request</request><GetRecord><record><header><identifier>oai:recam.amb.cat:20.500.14439/4847</identifier><datestamp>2026-05-13T23:45:26Z</datestamp><setSpec>com_20.500.14439_2676</setSpec><setSpec>com_20.500.14439_126</setSpec><setSpec>col_20.500.14439_4846</setSpec></header><metadata><record xmlns="http://www.loc.gov/MARC21/slim" xmlns:dcterms="http://purl.org/dc/terms/" xmlns:xsi="http://www.w3.org/2001/XMLSchema-instance" xmlns:doc="http://www.lyncode.com/xoai" xsi:schemaLocation="http://www.loc.gov/MARC21/slim http://www.loc.gov/standards/marcxml/schema/MARC21slim.xsd">
   <leader>00925njm 22002777a 4500</leader>
   <datafield ind2=" " ind1=" " tag="042">
      <subfield code="a">dc</subfield>
   </datafield>
   <datafield ind2=" " ind1=" " tag="720">
      <subfield code="a">Institut Català d'Ornitologia</subfield>
      <subfield code="e">author</subfield>
   </datafield>
   <datafield ind2=" " ind1=" " tag="260">
      <subfield code="c">2021-01-01</subfield>
   </datafield>
   <datafield ind2=" " ind1=" " tag="520">
      <subfield code="a">Aquest informe presenta els resultats del programa de seguiment de l’avifauna SYLVIA corresponents al cicle anual de l’any 2020. SYLVIA és un projecte de l'Institut Català d'Ornitologia que té com a objectiu establir una xarxa d’estacions d'anellament amb esforç constant per obtenir informació, a llarg termini, dels paràmetres demogràfics i reproductius de les poblacions d'ocells terrestres de Catalunya.  Aquest programa es complementa amb el projecte SOCC de seguiment de la biodiversitat i que també es desenvolupa al Parc. Amb tots dos projectes es pretén obtenir dades a llarg termini per un seguiment acurat de l’estat de les poblacions d’ocells que habiten a Catalunya. d’ocells comuns (SOCC) al Parc de Collserola, corresponents al període 1999-2020. El programa SOCC té com a principal objectiu conèixer les tendències temporals que es produeixen en l’abundància dels ocells comuns a Catalunya, factor essencial per poder determinar l’estat de conservació de moltes espècies d’ocells i dels ambients on viuen. Els parcs gestionats per la Diputació de Barcelona van adoptar el SOCC com a sistema de seguiment d’ocells comuns i elaboració d’indicadors des de l’inici del projecte, l’any 2002.</subfield>
   </datafield>
   <datafield ind1="8" ind2=" " tag="024">
      <subfield code="a">Institut Català d’Ornitologia  (2021). Programa de seguiment de  l’avifauna del Parc de Collserola. Informe 2020. Estudi finançat pel Consorci del Parc  Natural de la Serra de Collserola.</subfield>
   </datafield>
   <datafield ind1="8" ind2=" " tag="024">
      <subfield code="a">https://hdl.handle.net/20.500.14439/4847</subfield>
   </datafield>
   <datafield tag="653" ind2=" " ind1=" ">
      <subfield code="a">Ocells</subfield>
   </datafield>
   <datafield tag="653" ind2=" " ind1=" ">
      <subfield code="a">Fauna</subfield>
   </datafield>
   <datafield ind2="0" ind1="0" tag="245">
      <subfield code="a">Programa de seguiment de l'avifauna del Parc de Collserola: informe 2020</subfield>
   </datafield>
</record></metadata></record></GetRecord></OAI-PMH>